书目信息 |
| 题名: |
Python学习手册
|
|
| 作者: | 鲁特兹 , Mark Lutz 著 ;李军 , 刘红伟 译 | |
| 分册: | ||
| 出版信息: | 北京 机械工业出版社 2011.04 |
|
| 页数: | 32,889页 | |
| 开本: | 24cm | |
| 丛书名: | ||
| 单 册: | ||
| 中图分类: | TP311.56 | |
| 科图分类: | ||
| 主题词: | 软件工具--程序设计 | |
| 电子资源: | ||
| ISBN: | 978-7-111-32653-3 | |
| 000 | 01094nam0 2200301 450 | |
| 001 | 964245 | |
| 005 | 20180118102545.22 | |
| 010 | @a978-7-111-32653-3@dCNY119.00 | |
| 100 | @a20170516d2011 em y0chiy50 ea | |
| 101 | 1 | @achi@ceng |
| 102 | @aCN@b110000 | |
| 105 | @ay z 000yy | |
| 200 | 1 | @aPython学习手册@APython xue xi shou ce@fMark Lutz著@FMark Lutz zhu@g李军,刘红伟等译 |
| 210 | @a北京@c机械工业出版社@d2011.04 | |
| 215 | @a32,889页@d24cm | |
| 305 | @a据原书第4版译出 由O'Reilly Media, Inc.授权出版 | |
| 312 | @a书名原文:Learning python | |
| 330 | @a本书介绍了Python的主要内建对象类型:数字、列表和字典;使用Python语句创建和处理对象;使用函数构造和重用代码;Python模块;Python的面向对象编程工具;高级Python工具等。 | |
| 510 | 1 | @aLearning python@zeng |
| 606 | 0 | @a软件工具@x程序设计 |
| 610 | 0 | @aPython |
| 690 | @aTP311.56@v4 | |
| 701 | 0 | @c()@a鲁特兹@Alu te zi@c(Lutz, Mark)@4著 |
| 701 | 0 | @aMark Lutz@4著 |
| 702 | 0 | @a李军@Ali jun@4译 |
| 702 | 0 | @a刘红伟@Aliu hong wei@c(计算机应用)@4译 |
| 801 | 0 | @aCN@c20170516 |
| 905 | @a河南城建学院图书馆@dTP311.56@eL821 | |
| Python学习手册/Mark Lutz著/李军,刘红伟等译.-北京:机械工业出版社,2011.04 |
| 32,889页;24cm |
| ISBN 978-7-111-32653-3:CNY119.00 |
| 本书介绍了Python的主要内建对象类型:数字、列表和字典;使用Python语句创建和处理对象;使用函数构造和重用代码;Python模块;Python的面向对象编程工具;高级Python工具等。 |
| ● |
| 相关链接 |
|
|
|
正题名:Python学习手册
索取号:TP311.56/L821
 
预约/预借
| 序号 | 登录号 | 条形码 | 馆藏地/架位号 | 状态 | 备注 |
| 1 | 1233955 | 212339557 | 计算机与数据科学学院资料室/ [索取号:TP311.56/L821] | 在馆 | |
| 2 | 1281702 | 212817022 | 计算机与数据科学学院资料室/ [索取号:TP311.56/L821] | 在馆 |